Personnages de Manga (Seinen) - Statistiques

Statistiques générales
  • Ce quiz a été pris 38 fois
    21 depuis la dernière actualisation
  • Le résultat moyen est 5 sur 14
Statistiques - réponses
Par images Réponse % Correct
Guts
95%
Ken Kaneki
68%
Shin
68%
Thorfinn
68%
Caiman
26%
Dr Tenma
26%
Johnny Joestar
26%
Alita
21%
Kenji
21%
Musashi Miyamoto
21%
Ken Kitano
11%
Shinichi
11%
Kaneda
5%
Kirie Goshima
0%
Aucun quiz correspondant
Distribution des résultats
% des personnes avec chaque résultat
Percentile par nombre de réponses
Votre historique - résultats
Vous n’avez pas pris ce quiz depuis la dernière actualisation